00811nam a22002297a 4500001000500000005001700005020001800022040002900040050001300069082001100082100001500093245006200108260003400170300003700204505000700241520025000248521001700498521001700515650001100532650001100543700002700554218720231108150915.0 a9780439107983 aFISKHbengcFISKHdFISKH aQL737.C5 a813.54 aMoore, Eva aThe truth about bats /cThe Magic School Bus Chapter Book aNew York :bScholastic,c1999 a70 pages :billustrationsc19 cm aK  aThe Magic School Bus takes Ms. Frizzle and her class on a trip around the United States looking for bats. During the trip the class learns many amazing facts about bats, including what they eat, where they live, how echolocation works, and more. a600 bLexile aK bRaz-Plus aAnimal aMammal aEnik, TedeIllustrator